00478 2200181 4500001002100000008004100021020002200062035002000084082000800104084001400112100003200126245005000158260002800208300002400236990001200260990001200272990001200284INLIS000000000002746 IND  a978-623-266-766-2 a0010-0925000093 a590 a590 IRN b aIrnaningtyas & Sylva Sagita aBiologi Kelas XIcIrnaningtyas & Sylva Sagita aJakartabErlanggac2021 a558c(17,5 x 25 cm) a0754962 a0754963 a0754964